Ce rêve bleu - Aladdin [Paroles entières] - Statistiques

Statistiques générales
  • Ce quiz a été pris 5 385 fois
  • Le résultat moyen est 146 sur 184
Statistiques - réponses
X Paroles % Correct
ce
99%
Ce
99%
Aladdin | Jasmine Je
99%
je
99%
bleu
98%
me
98%
rêve
98%
ces
97%
à
96%
C'est
95%
c'est
95%
pas
95%
un
95%
Aladdin Un
95%
crois
94%
De
94%
de
94%
merveilleux
94%
et
93%
Aladdin Et
93%
monde
93%
n'y
93%
Au
92%
au
92%
le
90%
Aux
89%
aux
89%
en
89%
une
89%
vais
89%
la
88%
87%
mille
86%
ne
86%
Aladdin Ne
86%
nous
86%
Nous
86%
t'offrir
86%
les
85%
couleurs
84%
deux
84%
ciel
83%
princesse
83%
yeux
83%
dit
82%
du
82%
nouveau
82%
ton
82%
coeur
81%
merveilles
81%
splendeurs
81%
voyage
81%
moi
80%
interdit
79%
tes
79%
dans
78%
Dans
78%
jamais
78%
personne
78%
bonheur
77%
croire
77%
ouvrir
77%
plein
77%
délices
76%
encore
76%
Laissé
76%
pays
76%
fabuleux
75%
parler
75%
Pour
75%
si
74%
Dis-moi
72%
sens
72%
légère
71%
ferme
70%
cieux
69%
cristal
69%
n'as-tu
69%
Jasmine Sous
69%
vie
66%
d'étoiles
65%
partageons
65%
océan
64%
Quand
61%
toi
60%
chavire
59%
suis
57%
Ensemble Toute
57%
vire
56%
haut
54%
plus
54%
vivons
53%
trop
52%
loin
51%
peux
51%
d'où
48%
montée
48%
Allée
47%
retourner
46%
viens
46%
faisons
45%
poussière
44%
nuits
41%
Aladdin Qui
39%
chevaux
38%
Jasmine Sur
38%
durera
37%
Infiniment
31%
délire
28%
temps
27%
contemple
22%
Aladdin Vers
17%
horizons
13%
Ensemble Naviguons
13%
Aucun quiz correspondant
Distribution des résultats
% des personnes avec chaque résultat
Percentile par nombre de réponses
Votre historique - résultats
Vous n’avez pas pris ce quiz